00379nam a2200133Ia 4500008004100000020001800041082001500059100002000074245005900094260003300153300001100186500002700197650002100224120622s9999 xx 000 0 und d a958-04-1128-X a659.1 E68i aErickson, B. F. aIntroducción general a la publicidad / B.F. Erickson aBarcelona ; México : Norma a165 p. aIncluye bibliografía a1. PUBLICIDADÌ